Pays insulaires - Carte du monde Mort subite - Statistiques

Statistiques générales
  • Ce quiz a été pris 401 fois
  • Le résultat moyen est 7 sur 20
Answers on the Grid
Answers color-coded by a green-red scale on the quiz's grid according to % correct below.
 
Statistiques - réponses
Réponse % Correct
Indonésie, Papouasie-Nouvelle-Guinée, +1 autre
54%
Cuba, République dominicaine, +12 autres
51%
Papouasie-Nouvelle-Guinée, Îles Salomon, +7 autres
50%
Cape Verde
49%
Madagascar, Maurice, +2 autres
47%
Indonésie, Philippines, +3 autres
47%
Nouvelle-Zélande
47%
Islande
45%
Indonésie, Sri Lanka, +2 autres
45%
Kiribati, États fédérés de Micronésie, +2 autres
43%
Malte
41%
Bahamas
40%
Sao Tomé-et-Principe
37%
Royaume-Uni, Irlande
34%
Kiribati
28%
Japon, Taïwan
28%
Kiribati
27%
Indonésie
18%
Bahreïn, Chypre
17%
Japon
2%
Aucun quiz correspondant
Distribution des résultats
% des personnes avec chaque résultat
Percentile par nombre de réponses
Votre historique - résultats
Vous n’avez pas pris ce quiz